Basic Bookbinding. (Record no. 3384)

MARC details
000 -LEADER
fixed length control field 00348nam a22001217a 4500
005 - DATE AND TIME OF LATEST TRANSACTION
control field 20201130143851.0
008 - FIXED-LENGTH DATA ELEMENTS--GENERAL INFORMATION
fixed length control field 201130b ||||| |||| 00| 0 eng d
020 ## - INTERNATIONAL STANDARD BOOK NUMBER
International Standard Book Number 8325
040 ## - CATALOGING SOURCE
Transcribing agency CML
245 ## - TITLE STATEMENT
Title Basic Bookbinding.
Statement of responsibility, etc. Lewis A.W.
260 ## - PUBLICATION, DISTRIBUTION, ETC.
Place of publication, distribution, etc. New york
Name of publisher, distributor, etc. Dover Publications, Inc.
Date of publication, distribution, etc. 1957
942 ## - ADDED ENTRY ELEMENTS (KOHA)
Source of classification or shelving scheme Dewey Decimal Classification
Koha item type Books
Edition 1st Edition
Classification part 655
Call number suffix LEW
Holdings
Withdrawn status Lost status Source of classification or shelving scheme Damaged status Not for loan Collection code Home library Current library Shelving location Date acquired Total Checkouts Full call number Date last seen Copy number Price effective from Koha item type
    Dewey Decimal Classification     Technology (Applied Sciences) Chalimbana Main Library Chalimbana Main Library Technology (Applied Sciences) 11/30/2020   655.7 LEW 11/30/2020 1 11/30/2020 Books

Powered by Koha